000 01222nam a22002897a 4500
005 20090611121533.0
008 080814t xxu||||| |||| 00| 1 eng d
010 _aENG-93945
020 _a9788175346543
_c340.00
035 _aEN-77478
037 _bDBAD / PUB
040 _aDPL
_bEnglish
082 _a346.540166
100 _aDas, P.K.
245 _aLaw relating to cruelty to husband:
_cby P.K. Das
_bdivorce and maintenance to wife /
260 _aDelhi
_bUnivrsal Law Publishing
_c2008
270 _aC-FF-1A, Dilkhush Industrial Estate, (Opp. Hans Cinema, Azadpur), G.T. Karnal Road,
_bDelhi
_e110033
300 _axxxvi, 352p.
_c25cm(pbk)
500 _aIncludes index
650 _aHusband abuse
_zIndia
650 _aHusbands
_xlegal status, laws etc
_zIndia
650 _aHusband and wife
_zIndia
650 _aDivorce
_zIndia
942 _2ddc
_cEN
_mDAS
_h346.540166
999 _c27369
_d27369